000 00293nam a2200121Ia 4500
008 191201s2012 xx 000 0 und d
100 _aADITHAN, M
245 0 _aManufacturing Technology
250 _aRep
260 _c2012
_bNew Age International
_aNEW DELHI
300 _a372
942 _2ddc
_cBK
999 _c8023
_d8023